000 00704nam a2200241Ia 4500
003 OSt
005 20220923225546.0
006 a|||||r|||| 00| 0
007 ta
008 Pun
024 _a271,275
037 _cTextual
040 _aARTS
_cARTS
_bPun
041 _2Pun
_aPun
082 _aO142,6M28x, 153K8
100 _aਟਾਲਸਟਾਇ, ਲਿਉ
245 0 _aਕਲਾ ਕੀ ਹੈ <
260 _aਲੁਧਿਆਣਾ
_b ਪੰਜਾਬੀ ਸਾਹਿਤ ਅਕਾਦਮੀ
_c1968
300 _a288ਪੰ
_ccm.
650 _aਰਾFੀਅਨ ਸਾਹਿਤ
942 _hO142,6M28x, 153K8
_cTEXL
_2CC
999 _c379112
_d379112